000 02618cam a22005174i 4500
003 PE-LiUPU
005 20250731165531.0
008 150623s r 000 0 d
020 _a8422005433
035 _a(Sirsi) i9788422005438
040 _aPE-LiUPU
_bspa
_cPE-LiUPU
_erda
049 _aPRUA
100 1 _aQuasten, Johannes,
_eautor.
245 1 0 _aPatrología :
_bhasta el concilio de nicel.
_n1 /
_cJohannes Quasten y Ignacio Oñatibia.
250 _a3a
264 1 _aMadrid, España :
_bLa Editorial Católica,
_c1978.
300 _a776 páginas ;
_c20 centímetros
336 _atext
_2rdacontent
337 _aunmediated
_2rdamedia
338 _avolume
_2rdacarrier
490 0 _aBiblioteca de Autories Cristianos ;
_v206
505 0 _aLos orígenes de la tierra cristiana. -Los orígenes de las fórmulas litúrgicas y de la legislación canónica. -Los padres apostólicos. -Los comienzos de la novela cristiana, de las historias populares y de las leyendas. -Los primeros pasos de la poesía cristiana. -Las primeras actas de los mártires. -Los apologistas griegos. -Los comienzos de la literatura herética. -Los principos de la literatura antiherética . -Los alejandrinos. -Los escritores del Asia menor , Siria y Palestina . -Los roamnos. -Los africanos. -Los demás escritores de occidente.
526 _aSEG44
526 _aSEG26
526 _aP151
526 _aP150
526 _aP149
526 _aP146
526 _aP145
526 _aP126
526 _aP125
526 _aP92
526 _aP75
526 _aP74
526 _aP27
526 _aP15
942 _2ddc
_cBOOK
949 _aRC 281.1 Q19 1
_wDEWEY
_c1
_i20098
_d2015-9-7
_lCCODEBUL1
_mBUL
_q1
_r0
_sY
_tBOOK
_u2015-6-24
_xTEOLOGIA
_zUNKNOWN
_0COMPRA
_o.CIRCNOTE. No olvidar cambiar la fecha de devolución!!!!!!!
_o.STAFF. Colección General
949 _aRC 281.1 Q19 1
_wDEWEY
_c2
_i20096
_lCCODEBUL1
_mBUL
_r0
_sY
_tBOOK
_u2015-6-24
_xTEOLOGIA
_PP35
_0COMPRA
_o.CIRCNOTE. No olvidar cambiar la fecha de devolución!!!!!!!
_o.STAFF. Colección General
994 _aC0
_bPEPRU
596 _a1
999 _aRC 281.1 Q19 1
_wDEWEY
_c36987
_i20098
_d36987
_f2021-11-8
_g6
_lCCODEBUL1
_mBUL
_q1
_r1
_sY
_tBOOK
_u2015-6-24
_xTEOLOGIA
_zUNKNOWN
_0COMPRA
_o.CIRCNOTE. No olvidar cambiar la fecha de devolución!!!!!!!
_o.STAFF. Colección General
999 _aRC 281.1 Q19 1
_wDEWEY
_c2
_i20096
_f2021-11-8
_g6
_lCCODEBUL1
_mBUL
_r1
_sY
_tBOOK
_u2015-6-24
_xTEOLOGIA
_PP35
_0COMPRA
_o.CIRCNOTE. No olvidar cambiar la fecha de devolución!!!!!!!
_o.STAFF. Colección General
980 _81
_gALBERTO SANCHEZ Responsable de Automatización